| 000 | 00631nam a2200193 a 4500 | ||
|---|---|---|---|
| 001 | 000048372 | ||
| 005 | 20240530073936.0 | ||
| 008 | 190213s2016 dr 000 e spa d | ||
| 020 | _a9789945087376 | ||
| 040 |
_aDO-SdBNP _bspa _cBNPHU |
||
| 082 |
_aRD868.44 _bB142p |
||
| 100 | 1 |
_aBáez Brugal, Franklin _975786 |
|
| 245 | 1 | 0 |
_aPensares y sentires : _bopiniones, discursos, poesías y canciones / _cFranklin Báez Brugal. |
| 260 |
_aSanto Domingo : _bAmigo del Hogar, _c2016. |
||
| 300 |
_a204 p. ; _c24 cm. + 1 CD. |
||
| 590 | _aInventariado, 2019/LP | ||
| 650 | 0 |
_aEnsayos dominicanos _965 |
|
| 650 | 0 |
_aLiteratura dominicana. _967 |
|
| 999 |
_c47860 _d47860 |
||